000 00357nam a2200121Ia 4500
008 220620s9999||||xx |||||||||||||| ||und||
245 0 _aPancreatitis
546 _aEnglish[eng]
650 _aGastroenterology
700 _aVictorovich Garbuzenko, Dmitry
856 _uhttps://mts.intechopen.com/storage/books/7863/authors_book/authors_book.pdf
942 _cEB
999 _c26621
_d26621